|
|
|
|
| LEADER |
01291nam a22002537a 4500 |
| 001 |
39650 |
| 003 |
BD-DhAAL |
| 008 |
220922t2020 xxka|||| |||| 001 0 eng d |
| 999 |
|
|
|c 44551
|d 44551
|
| 020 |
|
|
|a 9781789802740
|
| 040 |
|
|
|a BD-DhAAL
|c BD-DhAAL
|
| 082 |
|
|
|a 006.35
|2 23
|
| 100 |
|
|
|a Dop, Thomas
|9 51507
|
| 245 |
|
|
|a Hands-on natural language processing with PyTorch 1.x :
|b build smart, AI-driven linguistic applications using deep learning and NLP techniques /
|c Thomas Dop.
|
| 260 |
|
|
|a Birmingham, UK :
|b Packt Publishing,
|c 2020.
|
| 300 |
|
|
|a xi, 270 pages :
|b illustrations ;
|c 24 cm.
|
| 526 |
|
|
|a CSE
|
| 541 |
|
|
|a Book Finder International
|e 39650, 39651
|
| 650 |
|
|
|a Natural language processing (Computer science).
|9 51508
|
| 650 |
|
|
|a Python (Computer program language).
|9 51509
|
| 852 |
|
|
|a Ayesha Abed Library
|c General Stacks
|
| 942 |
|
|
|2 ddc
|c BK
|
| 952 |
|
|
|0 0
|1 0
|2 ddc
|4 0
|6 006_350000000000000_DOP
|7 0
|9 71793
|a BRACUL
|b BRACUL
|c GEN
|d 2022-09-11
|e Book Finder International
|g 3114.50
|l 3
|m 12
|o 006.35 DOP
|p 3010039650
|r 2025-12-15
|s 2025-09-21
|t 1
|v 3114.50
|w 2022-09-11
|y BK
|
| 952 |
|
|
|0 0
|1 0
|2 ddc
|4 0
|6 006_350000000000000_DOP
|7 0
|9 71794
|a BRACUL
|b BRACUL
|c GEN
|d 2022-09-11
|e Book Finder International
|g 3114.50
|l 4
|m 44
|o 006.35 DOP
|p 3010039651
|q 2025-12-17
|r 2025-02-27
|s 2025-02-27
|t 2
|v 3114.50
|w 2022-09-11
|y BK
|